000 00318nam a22001217a 4500
008 230607b xxu||||| |||| 00| 0 eng d
082 _a382.922
_bWTO
245 _aUnderstanding the WTO
260 _aSwitzerland
_bWorld Trade Organization
_c2007
300 _a112 p
710 _bWorld Trade Organization
942 _2ddc
_cBK
999 _c804
_d804